000 00507cam a2200193ua 4500
001 117
008 110321n ii |||gr||||Z||||||eng
020 _a978-81-2590952-1
040 _cMAIN
082 _a005.4
245 _aMS-office 2000 for everyone.
_cBy Sanjay Saxena.
250 _a1st.
260 _aNew Delhi.:
_bVikas publishing house pvt ltd.,
_c2009.
300 _acxix, fp49 p.:
_bill.;
_c22 cm.
653 _aComputer Science.
653 _aMS office.
700 _aSaxena, Sanjay.,
942 _cBK
999 _c107
_d107